000 02418cam a2200301 4500500
005 20251228053003.0
041 _afre
042 _adc
100 1 0 _aRéau, Bertrand
_eauthor
245 0 0 _aÉvasions temporaires : socialisations et relâchements des contrôles dans les villages de vacances familiaux
260 _c2005.
500 _a9
520 _aRésuméLe contexte de vacances produit une rupture avec les conditions de vie quotidiennes. Cependant les modalités de celle-ci varient selon les profils sociaux et les formules de vacances. Ainsi la comparaison entre deux villages de vacances familiaux permet d’identifier des pratiques de loisirs relativement semblables à celles qu’ont les catégories sociales en question le reste de l’année. L’évasion temporaire repose alors sur une intensification de ces pratiques et sur la mise en place de nouveaux rythmes de vie et de consommation.
520 _aHolidays provide a break with everyday life. They appear to vary according to social profiles and holiday packages. Comparative study made on two holiday resorts gives evidence that the leisure pursuits there are clearly similar to those which the social categories in question tend to follow in their everyday lives. The temporary escapism is based on an intensification of these practices in new patterns of living and of conxumption...
520 _aResumenEl contexto de las vacaciones produce una ruptura con las condiciones de la vida cotidiana. Sin embargo, sus modalidades varían según los perfiles sociales y el tipo de vacaciones. La comparación entre dos clubes de vacaciones familiares permite identificar prácticas de esparcimiento relativamente similares a aquellas que las categorías sociales en cuestión poseen el resto del año. La evasión temporaria reposa sobre una intensificación de esas prácticas y sobre la puesta en juego de nuevos ritmos de vida y de consumo.
690 _afamille
690 _aloisirs
690 _asocialisation
690 _atourisme
690 _avillage/club de vacances
690 _afamily
690 _aholiday village/club
690 _aleisure pursuits
690 _asocialisation
690 _atourism
786 0 _nEspaces et sociétés | 120-121 | 1 | 2005-06-01 | p. 123-139 | 0014-0481
856 4 1 _uhttps://shs.cairn.info/revue-espaces-et-societes-2005-1-page-123?lang=fr&redirect-ssocas=7080
999 _c1584898
_d1584898